000 00859nam a22001577a 4500
003 OSt
005 20151007151723.0
008 151007b xxu||||| |||| 00| 0 eng d
040 _cRUA
082 _aAVM SIN 2006 B076 Or.1
100 _92290
_aSIN, SOKCHAMREUN.
245 _aThe effect of earthworm utilization in feed ingredient on growth rate on avian broiler at royal university of agriculture, ប្រសិទ្ធភាពនៃការបន្ថែមជន្លេនក្នុងចំណីផ្សំទៅលើការ​លូតលាស់របស់មាន់ពូជAVIAN នៅក្នុងស្ថានីយ៍ចិញ្ចឹមសត្វនៃសាកលវិទ្យាល័យភូមិន្ទកសិកម្ម
260 _aPhnom Penh
_bRUA
_c2006
300 _a42p.
_bill.
_c29cm.
942 _2ddc
_cAVM
999 _c2158
_d2158